[Event "Barkhuus Memorial Mesterklassen 2005"]
[Site "Vanlose"]
[Date "2005.07.30"]
[Round "4"]
[White "Brandstrup, Bo"]
[Black "Andersen, Daniel"]
[Result "1-0"]
[WhiteElo "1936"]
[BlackElo "1972"]
[PlyCount "59"]
[EventDate "2005.??.??"]


1. Nf3 e6 2. d4 f5 3. g3 d5 4. Bg2 Bd6 5. c4 c6 6. O-O Nf6 7. b3 Qe7 8. Bb2 O-O
9. Nbd2 Ne4 10. Ne5 Nd7 11. Nxd7 Bxd7 12. Nf3 g5 13. Ne5 h5 14. f3 Bxe5 15.
fxe4 Bd6 16. exd5 exd5 17. cxd5 cxd5 18. Bxd5+ Be6 19. Bxe6+ Qxe6 20. Qd3 Rae8
21. Rf2 f4 22. Raf1 Qh6 23. Bc1 Kh8 24. gxf4 gxf4 25. Kh1 Bc7 26. Qf3 Qe6 27.
d5 Qh6 28. e3 Bb6 29. d6 Bxe3 30. Bxe3 1-0

[Event "Barkhuus Memorial Mesterklassen 2005"]
[Site "Vanlose"]
[Date "2005.07.30"]
[Round "4"]
[White "Fredericia, Louise Winther"]
[Black "Tolstrup, Thomas"]
[Result "1-0"]
[WhiteElo "1994"]
[BlackElo "1882"]
[PlyCount "107"]
[EventDate "2005.??.??"]


1. e4 e6 2. d3 d5 3. Nd2 Nc6 4. g3 a5 5. Bg2 Bc5 6. c3 Nf6 7. d4 Be7 8. Ne2
dxe4 9. Nxe4 Nxe4 10. Bxe4 O-O 11. h4 f5 12. Bg2 Bf6 13. a4 Ne7 14. Bg5 Nd5 15.
Qd2 h6 16. Bxf6 Qxf6 17. Bxd5 exd5 18. h5 Bd7 19. Nf4 Rfe8+ 20. Kf1 b5 21. axb5
Bxb5+ 22. Kg2 Qb6 23. Rhe1 c5 24. dxc5 Qxc5 25. Qxd5+ Qxd5+ 26. Nxd5 Rxe1 27.
Rxe1 Bc6 28. Re5 Rb8 29. Kg1 Bxd5 30. Rxd5 a4 31. Ra5 Rxb2 32. Rxa4 Rc2 33. Rc4
f4 34. gxf4 Kf7 35. Rc6 Ke7 36. Kg2 Kd7 37. Rg6 Rxc3 38. Rxg7+ Ke6 39. Rg6+ Kf5
40. Rxh6 Kxf4 41. Rf6+ Kg5 42. Rf3 Rc6 43. Rh3 Rh6 44. Kg3 Kf5 45. Kh4 Ra6 46.
Rf3+ Ke4 47. Rf8 Ke5 48. Kg5 Ra7 49. Kg6 Ra6+ 50. Kg7 Ra1 51. h6 Ke6 52. Re8+
Kf5 53. h7 Rg1+ 54. Kf7 1-0

[Event "Barkhuus Memorial Mesterklassen 2005"]
[Site "Vanlose"]
[Date "2005.07.30"]
[Round "4"]
[White "Willerup, Martin Kisby"]
[Black "Nielsen, Morten Davidsen"]
[Result "1/2-1/2"]
[WhiteElo "2016"]
[BlackElo "1954"]
[PlyCount "90"]
[EventDate "2005.??.??"]


1. d4 Nf6 2. Nf3 c5 3. d5 e6 4. Nc3 Nxd5 5. Nxd5 exd5 6. Qxd5 Nc6 7. e4 Be7 8.
Bc4 O-O 9. O-O d6 10. Qh5 Be6 11. Bd5 Qd7 12. Bg5 Bg4 13. Qh4 Bxf3 14. Bxc6
Bxg5 15. Bxd7 Bxh4 16. gxf3 Rad8 17. Ba4 d5 18. Bb3 c4 19. Ba4 a6 20. c3 dxe4
21. fxe4 Rd2 22. Rab1 Rfd8 23. f3 b5 24. Bd1 R8d6 25. Kh1 Bf2 26. f4 Rh6 27.
Bg4 Rh4 28. Rbd1 Rxd1 29. Rxd1 h5 30. Bc8 Bg3 31. Kg2 Bxf4 32. h3 Be5 33. Bxa6
Rxe4 34. Rd2 Re1 35. Bxb5 Bf4 36. Rf2 Be3 37. Rc2 Rg1+ 38. Kf3 Bc5 39. Bxc4 Rh1
40. Kg2 Rg1+ 41. Kf3 Rh1 42. Kg2 Rg1+ 43. Kh2 h4 44. b4 Be3 45. Bb3 Rg3 1/2-1/2

[Event "Barkhuus Memorial Mesterklassen 2005"]
[Site "Vanlose"]
[Date "2005.07.30"]
[Round "4"]
[White "Andersen, Henrik"]
[Black "Christiansen, Jens Jorgen"]
[Result "1/2-1/2"]
[WhiteElo "1926"]
[BlackElo "2112"]
[PlyCount "107"]
[EventDate "2005.??.??"]


1. c4 c6 2. Nc3 d5 3. cxd5 cxd5 4. d4 Nf6 5. Nf3 Nc6 6. Bf4 Bf5 7. e3 e6 8. Bb5
Nd7 9. Qa4 Rc8 10. O-O a6 11. Bxc6 Rxc6 12. Rfc1 Rc4 13. Qd1 Bg4 14. e4 g5 15.
Bg3 Bg7 16. exd5 Rxd4 17. Qe1 Bxf3 18. dxe6 Nc5 19. gxf3 f5 20. Be5 Nd3 21.
Bxg7 Nxe1 22. Rxe1 Rg8 23. e7 Qd6 24. Bxd4 g4 25. Be5 gxf3+ 26. Bg3 Qh6 27. Nd5
f4 28. Re6 Qxe6 29. Nc7+ Kxe7 30. Nxe6 Kxe6 31. b4 Kd5 32. Kf1 fxg3 33. fxg3
Kc4 34. Kf2 b5 35. Rb1 Rd8 36. Kxf3 Rd2 37. h4 Rxa2 38. g4 Ra3+ 39. Kf4 Rb3 40.
Ra1 Rxb4 41. Rxa6 Ra4 42. Rh6 Ra7 43. g5 b4 44. Rb6 b3 45. h5 Ra4 46. Kf5 Rb4
47. Rc6+ Kd3 48. Rc1 Rh4 49. h6 Rc4 50. Rb1 Kc2 51. Rxb3 Kxb3 52. g6 Rc5+ 53.
Kf6 Rc6+ 54. Kg7 1/2-1/2

[Event "Barkhuus Memorial Mesterklassen 2005"]
[Site "Vanlose"]
[Date "2005.08.01"]
[Round "5"]
[White "Andersen, Daniel"]
[Black "Tolstrup, Thomas"]
[Result "0-1"]
[WhiteElo "1972"]
[BlackElo "1882"]
[PlyCount "91"]
[EventDate "2005.??.??"]


1. c4 c5 2. Nf3 Nf6 3. Nc3 Nc6 4. g3 g6 5. Bg2 Bg7 6. d4 cxd4 7. Nxd4 Nxd4 8.
Qxd4 d6 9. Qd3 O-O 10. O-O Nd7 11. b3 Rb8 12. Be3 Nc5 13. Qd2 Bd7 14. Bd4 Bxd4
15. Qxd4 a6 16. e4 Bc6 17. e5 Ne6 18. Qe3 Bxg2 19. Kxg2 dxe5 20. Qxe5 Qc7 21.
Qxc7 Nxc7 22. Rfd1 Rbd8 23. Rxd8 Rxd8 24. Rd1 Rxd1 25. Nxd1 Kf8 26. Kf3 Ke8 27.
Ke4 Kd7 28. Kd4 Kc6 29. Ne3 f6 30. f4 e6 31. Ng4 Ne8 32. a4 a5 33. c5 h5 34.
Ne3 Ng7 35. h3 Nf5+ 36. Nxf5 gxf5 37. Kc4 e5 38. fxe5 fxe5 39. h4 f4 40. gxf4
exf4 41. Kd4 f3 42. Ke3 Kxc5 43. Kxf3 Kb4 44. Kf4 Kxb3 45. Kg5 Kxa4 46. Kxh5
0-1

[Event "Barkhuus Memorial Mesterklassen 2005"]
[Site "Vanlose"]
[Date "2005.08.01"]
[Round "5"]
[White "Brandstrup, Bo"]
[Black "Petersen, Steen Brustrup"]
[Result "1/2-1/2"]
[WhiteElo "1936"]
[BlackElo "2064"]
[PlyCount "54"]
[EventDate "2005.??.??"]


1. Nf3 Nf6 2. c4 e6 3. d4 d5 4. Bg5 c6 5. e3 Nbd7 6. Nc3 Qa5 7. Bxf6 Nxf6 8.
Qc2 Bd6 9. Rc1 O-O 10. Bd3 dxc4 11. Bxc4 e5 12. dxe5 Bxe5 13. b4 Qc7 14. O-O
Bg4 15. Nxe5 Qxe5 16. Rfe1 Be6 17. Bxe6 Qxe6 18. Red1 Rfd8 19. Rd2 Rxd2 20.
Qxd2 Qe7 21. a3 Rd8 22. Qc2 g6 23. h3 Qe5 24. Ne2 Nd5 25. Rd1 Rd6 26. Qc5 b6
27. Qd4 Qxd4 1/2-1/2

[Event "Barkhuus Memorial Mesterklassen 2005"]
[Site "Vanlose"]
[Date "2005.08.01"]
[Round "5"]
[White "Andersen, Henrik"]
[Black "Askgaard, Jens"]
[Result "1/2-1/2"]
[WhiteElo "1926"]
[BlackElo "2082"]
[PlyCount "41"]
[EventDate "2005.??.??"]


1. c4 c6 2. Nc3 d5 3. cxd5 cxd5 4. d4 Nf6 5. Nf3 Nc6 6. Bf4 a6 7. e3 Bg4 8. Be2
e6 9. O-O Be7 10. Rc1 O-O 11. Ne5 Bxe2 12. Qxe2 Rc8 13. Nxc6 Rxc6 14. Rc2 Qd7
15. Rfc1 Rfc8 16. Be5 b5 17. Qd1 Ne4 18. Ne2 Nd6 19. Rxc6 Rxc6 20. Rxc6 Qxc6
21. Bxd6 1/2-1/2

[Event "Barkhuus Memorial Mesterklassen 2005"]
[Site "Vanlose"]
[Date "2005.08.01"]
[Round "5"]
[White "Hassan, Omar Elsayed"]
[Black "Aabling Thomsen, Jakob"]
[Result "1-0"]
[WhiteElo "2198"]
[BlackElo "2146"]
[PlyCount "101"]
[EventDate "2005.??.??"]


1. e4 c5 2. Nc3 Nc6 3. f4 e6 4. Nf3 d5 5. Bb5 Nf6 6. e5 d4 7. exf6 dxc3 8. fxg7
cxd2+ 9. Qxd2 Bxg7 10. Bxc6+ bxc6 11. Qxd8+ Kxd8 12. c3 a5 13. Be3 a4 14. a3
Ra5 15. Ne5 Bxe5 16. fxe5 Ba6 17. O-O-O+ Kc7 18. Rd2 Rg8 19. Rhd1 Bc4 20. Rd7+
Kb6 21. g3 Be2 22. R1d6 Bh5 23. Re7 Raa8 24. c4 Rad8 25. Kc2 Rde8 26. Red7 Rg4
27. Bf4 Reg8 28. Kc3 Rxf4 29. gxf4 Rg4 30. Rd8 Rxf4 31. Ra8 Bg6 32. Rdd8 Rf3+
33. Kd2 Rf2+ 34. Ke3 Rxh2 35. Rxa4 Rh5 36. Rda8 Rxe5+ 37. Kd2 Re4 38. R8a7 Rd4+
39. Ke3 Rxc4 40. R4a6+ Kb5 41. a4+ Rxa4 42. Rxa4 e5 43. b3 Kb6 44. Re7 Bc2 45.
Raa7 c4 46. bxc4 f5 47. Rab7+ Kc5 48. Rxe5+ Kxc4 49. Rc7 Be4 50. Rxe4+ fxe4 51.
Rxc6+ 1-0

[Event "Barkhuus Memorial Mesterklassen 2005"]
[Site "Vanlose"]
[Date "2005.08.01"]
[Round "5"]
[White "Nielsen, Morten Davidsen"]
[Black "Nohr, Finn"]
[Result "1-0"]
[WhiteElo "1954"]
[BlackElo "2028"]
[PlyCount "81"]
[EventDate "2005.??.??"]


1. e4 c5 2. f4 d5 3. exd5 Nf6 4. Nf3 Nxd5 5. Bb5+ Bd7 6. Bxd7+ Qxd7 7. Ne5 Qd6
8. Qf3 Nc6 9. Nxc6 Qxc6 10. O-O Nb4 11. Na3 Qxf3 12. Rxf3 g6 13. d4 cxd4 14.
Rb3 e6 15. Bd2 Nd5 16. Nb5 Bc5 17. Rd3 O-O-O 18. Rd1 Ne3 19. Bxe3 dxe3 20. Kf1
Rxd3 21. Rxd3 Bb6 22. Ke2 Rd8 23. Rxd8+ Kxd8 24. Nd6 Ke7 25. Nc8+ Kf6 26. Nxb6
axb6 27. Kxe3 e5 28. Ke4 exf4 29. Kxf4 h6 30. c4 Ke6 31. g4 f6 32. b4 Kd6 33.
a4 Ke6 34. h4 Kd6 35. h5 gxh5 36. gxh5 Ke6 37. Ke4 f5+ 38. Kf4 Kf6 39. c5 bxc5
40. bxc5 Ke6 41. a5 1-0

[Event "Barkhuus Memorial Mesterklassen 2005"]
[Site "Vanlose"]
[Date "2005.08.01"]
[Round "5"]
[White "Willerup, Martin Kisby"]
[Black "Christiansen, Jens Jorgen"]
[Result "0-1"]
[WhiteElo "2016"]
[BlackElo "2112"]
[PlyCount "73"]
[EventDate "2005.??.??"]


1. d4 d5 2. Nf3 Nf6 3. e3 c6 4. Bd3 Bg4 5. Nbd2 Nbd7 6. h3 Bh5 7. c4 e6 8. O-O
Be7 9. b3 Bg6 10. Bxg6 hxg6 11. Bb2 Rc8 12. Qc2 O-O 13. Rfd1 Ne4 14. Ne5 Nxd2
15. Rxd2 Nxe5 16. dxe5 Qa5 17. a3 Qa6 18. Rc1 Rfd8 19. Qd1 b5 20. cxd5 Rxd5 21.
Rxd5 cxd5 22. a4 bxa4 23. Rxc8+ Qxc8 24. bxa4 Qc4 25. Bd4 a6 26. Qa1 Bb4 27.
Qd1 Kf8 28. h4 Kg8 29. h5 gxh5 30. Qxh5 Be7 31. Qd1 Bb4 32. Qb1 a5 33. g3 Qe2
34. Kg2 Be1 35. Qb2 Qd1 36. Qb5 Qh5 37. Qe2 0-1

[Event "Barkhuus Memorial Mesterklassen 2005"]
[Site "Vanlose"]
[Date "2005.08.01"]
[Round "5"]
[White "Damm, Kasper Wilken"]
[Black "Fredericia, Louise Winther"]
[Result "1-0"]
[WhiteElo "2199"]
[BlackElo "1994"]
[PlyCount "99"]
[EventDate "2005.??.??"]


1. e4 c6 2. c4 d5 3. exd5 cxd5 4. cxd5 Nf6 5. Nc3 Nxd5 6. Bc4 Nb6 7. Bb3 Nc6 8.
Nf3 e6 9. O-O Be7 10. d4 O-O 11. Be3 Nd5 12. Rc1 Nxc3 13. bxc3 b6 14. Qd3 Bf6
15. Nd2 g6 16. Ne4 Bg7 17. Bg5 f6 18. Bd2 Kh8 19. Ng3 Na5 20. Bc2 Qd5 21. Ne2
e5 22. dxe5 Qxd3 23. Bxd3 fxe5 24. Be4 Bb7 25. Bxb7 Nxb7 26. Ng3 Nc5 27. Be3
Ne6 28. f3 Rfd8 29. Rfd1 Bf8 30. Kf1 Kg8 31. Ne4 Be7 32. Ke2 Nf4+ 33. Bxf4 exf4
34. Rb1 Kf7 35. Rb5 Rxd1 36. Kxd1 Rd8+ 37. Kc2 Ke6 38. a4 Rd5 39. c4 Rxb5 40.
axb5 h6 41. Kc3 Bf8 42. Kd3 Bg7 43. Nd2 Kf5 44. Nb3 g5 45. c5 bxc5 46. Kc4 h5
47. Na5 g4 48. Nc6 h4 49. h3 gxf3 50. gxf3 1-0

[Event "Barkhuus Memorial Mesterklassen 2005"]
[Site "Vanlose"]
[Date "2005.08.01"]
[Round "5"]
[White "Nielsen, Borge Hjerrild"]
[Black "Hejberg, Carsten"]
[Result "1-0"]
[WhiteElo "2031"]
[BlackElo "1929"]
[PlyCount "125"]
[EventDate "2005.??.??"]


1. d4 Nf6 2. c4 g6 3. Nf3 Bg7 4. g3 O-O 5. Bg2 d6 6. O-O c6 7. Nc3 a6 8. b3 b5
9. Nd2 Qb6 10. e3 Nbd7 11. Bb2 Rb8 12. Qc2 c5 13. Ne2 Bb7 14. Rac1 Bxg2 15.
Kxg2 Rfc8 16. dxc5 Nxc5 17. Qb1 Qb7+ 18. Kg1 b4 19. Rcd1 Rd8 20. Nf4 e5 21. Nd3
Nfe4 22. Nxc5 Nxc5 23. e4 Bh6 24. Rfe1 Bxd2 25. Rxd2 Qe7 26. Red1 Rb6 27. Rd5
Rf8 28. Qc2 f5 29. exf5 Rxf5 30. Bc1 Rc6 31. Be3 Rf7 32. Qd2 Nb7 33. Qxb4 Qf6
34. Qd2 Qf3 35. Qd3 Qg4 36. Qf1 Qe4 37. Qg2 Qg4 38. h3 Qc8 39. Kh2 Rcc7 40. Qe4
Rf5 41. Kg2 Kg7 42. Rf1 Qe6 43. Rdd1 h6 44. f4 Rcf7 45. g4 R5f6 46. fxe5 dxe5
47. Qd3 Kh7 48. Rxf6 Qxf6 49. Rf1 Qe7 50. Rxf7+ Qxf7 51. Qe4 Qc7 52. Qd5 Nd8
53. Bd2 Nc6 54. Bc3 a5 55. a3 h5 56. gxh5 gxh5 57. Qe4+ Kg7 58. Qf5 Nd4 59.
Qg5+ Kf8 60. Qf6+ Kg8 61. Bxd4 exd4 62. Qxd4 Qh7 63. Qd8+ 1-0

[Event "Barkhuus Memorial Mesterklassen 2005"]
[Site "Vanlose"]
[Date "2005.08.02"]
[Round "6"]
[White "Tolstrup, Thomas"]
[Black "Petersen, Steen Brustrup"]
[Result "1/2-1/2"]
[WhiteElo "1882"]
[BlackElo "2064"]
[PlyCount "36"]
[EventDate "2005.??.??"]


1. Nf3 Nf6 2. c4 g6 3. g3 Bg7 4. Nc3 O-O 5. Bg2 d6 6. d4 c6 7. h3 Qa5 8. e4
Nxe4 9. Bd2 Nxd2 10. Qxd2 e5 11. O-O f5 12. Rfe1 e4 13. Nxe4 Qxd2 14. Nexd2 Bf6
15. Rad1 a5 16. b3 Kf7 17. c5 d5 18. Ne5+ Bxe5 1/2-1/2

[Event "Barkhuus Memorial Mesterklassen 2005"]
[Site "Vanlose"]
[Date "2005.08.02"]
[Round "6"]
[White "Andersen, Daniel"]
[Black "Andersen, Henrik"]
[Result "1/2-1/2"]
[WhiteElo "1972"]
[BlackElo "1926"]
[PlyCount "55"]
[EventDate "2005.??.??"]


1. c4 e6 2. g3 d5 3. Bg2 c5 4. cxd5 exd5 5. Nf3 Nc6 6. d4 Nf6 7. O-O Be7 8. Bg5
O-O 9. Nc3 cxd4 10. Nxd4 h6 11. Be3 Re8 12. Rc1 Bf8 13. Nxc6 bxc6 14. Na4 Bd7
15. Bc5 Bxc5 16. Nxc5 Bg4 17. Re1 Qa5 18. h3 Bf5 19. Qa4 Qxa4 20. Nxa4 Rac8 21.
g4 Bd7 22. Nc5 Kf8 23. Rc3 Ke7 24. Rd1 Rb8 25. b3 Rb5 26. a4 Rb4 27. Rdd3 Kd6
28. Nxd7 1/2-1/2

[Event "Barkhuus Memorial Mesterklassen 2005"]
[Site "Vanlose"]
[Date "2005.08.02"]
[Round "6"]
[White "Hejberg, Carsten"]
[Black "Willerup, Martin Kisby"]
[Result "1/2-1/2"]
[WhiteElo "1929"]
[BlackElo "2016"]
[PlyCount "40"]
[EventDate "2005.??.??"]


1. d4 d5 2. c4 c6 3. Nf3 Nf6 4. Nc3 g6 5. cxd5 cxd5 6. Bf4 Bg7 7. e3 O-O 8. h3
Nc6 9. Be2 Bf5 10. O-O Rc8 11. Rc1 Ne4 12. Nxe4 Bxe4 13. Nd2 Bf5 14. a3 e5 15.
dxe5 Nxe5 16. Qb3 Qa5 17. Nf3 Nxf3+ 18. Bxf3 Rxc1 19. Rxc1 Qd2 20. Rd1 Bc2
1/2-1/2

[Event "Barkhuus Memorial Mesterklassen 2005"]
[Site "Vanlose"]
[Date "2005.08.02"]
[Round "6"]
[White "Askgaard, Jens"]
[Black "Aabling Thomsen, Jakob"]
[Result "0-1"]
[WhiteElo "2082"]
[BlackElo "2146"]
[PlyCount "104"]
[EventDate "2005.??.??"]


1. d4 g6 2. e4 Bg7 3. Nc3 d6 4. Nf3 a6 5. a4 b6 6. Be3 e6 7. Be2 Bb7 8. O-O Ne7
9. Qd2 h6 10. Ne1 f5 11. f3 g5 12. g3 Nd7 13. Ng2 Ng6 14. f4 g4 15. exf5 exf5
16. Bd3 Qf6 17. Bf2 O-O-O 18. Ne3 h5 19. Bxf5 h4 20. d5 hxg3 21. Bxg3 Rde8 22.
Be6 Nh4 23. Nxg4 Qg6 24. Ne3 Rxe6 25. dxe6 Nc5 26. f5 Qg5 27. Rad1 Be5 28. Ned5
Qg4 29. Qf2 Ne4 30. Nxe4 Qxe4 31. c4 Kb8 32. Bxe5 dxe5 33. Qg3 Nxf5 34. Qg6 Qe2
35. Qg2 Qh5 36. Rd3 Nd4 37. e7 Ne2+ 38. Kh1 Nf4 39. Rxf4 exf4 40. Rd2 Re8 41.
Qe4 Qf7 42. Re2 f3 43. Rf2 Bxd5 44. Qxd5 Qxe7 45. Qxf3 Qb4 46. Re2 Rd8 47. b3
Qc5 48. Rg2 Rf8 49. Qe2 Qc6 50. Kg1 Qh6 51. Qd2 Qf6 52. Rf2 Qg6+ 0-1

[Event "Barkhuus Memorial Mesterklassen 2005"]
[Site "Vanlose"]
[Date "2005.08.02"]
[Round "6"]
[White "Nielsen, Morten Davidsen"]
[Black "Nielsen, Borge Hjerrild"]
[Result "0-1"]
[WhiteElo "1954"]
[BlackElo "2031"]
[PlyCount "78"]
[EventDate "2005.??.??"]


1. e4 c6 2. c4 d5 3. cxd5 cxd5 4. exd5 Nf6 5. Bb5+ Nbd7 6. Nc3 g6 7. a4 Bg7 8.
a5 O-O 9. Nf3 Nc5 10. Bc4 Nce4 11. O-O Nd6 12. d3 Bg4 13. h3 Bxf3 14. Qxf3 Qd7
15. Be3 Rfc8 16. Bb3 Qd8 17. Ba4 Nd7 18. d4 Rab8 19. Rfc1 Nf5 20. Qd1 Nf6 21.
Bf4 Nd6 22. a6 bxa6 23. Bc6 Rxb2 24. Rxa6 Nde4 25. Nxe4 Nxe4 26. Be3 Rc7 27.
Rca1 Qb8 28. Bf4 Nd6 29. Qa4 Rb4 30. Qa5 Bxd4 31. Rd1 Rb1 32. Ba4 Bc3 33. Qxc7
Rxd1+ 34. Bxd1 Qxc7 35. Rc6 Qa5 36. Bf3 Qa1+ 37. Kh2 Be5 38. Bxe5 Qxe5+ 39. g3
Qe1 0-1

[Event "Barkhuus Memorial Mesterklassen 2005"]
[Site "Vanlose"]
[Date "2005.08.02"]
[Round "6"]
[White "Damm, Kasper Wilken"]
[Black "Hassan, Omar Elsayed"]
[Result "1-0"]
[WhiteElo "2199"]
[BlackElo "2198"]
[PlyCount "133"]
[EventDate "2005.??.??"]


1. e4 c5 2. Nf3 d6 3. d4 cxd4 4. Nxd4 Nf6 5. Nc3 a6 6. f4 Qc7 7. Bd3 g6 8. Nf3
Bg7 9. O-O Nbd7 10. Qe1 O-O 11. Qh4 b5 12. f5 Bb7 13. Bh6 Rae8 14. fxg6 hxg6
15. Ng5 e6 16. Ne2 d5 17. Ng3 Qe5 18. Nf3 Qxb2 19. e5 Nxe5 20. Nxe5 Qxe5 21.
Rae1 Ne4 22. Bf4 Qd4+ 23. Be3 Qa4 24. Bxe4 dxe4 25. Rf6 Qxc2 26. Ref1 Qc3 27.
Qg5 Bxf6 28. Rxf6 Rd8 29. Nh5 Rd1+ 30. Rf1 Rfd8 31. Nf6+ Kf8 32. Bc5+ Kg7 33.
Nh5+ Kh8 34. Ng3 R8d5 35. Qh6+ Kg8 36. Qf8+ Kh7 37. Qxf7+ Qg7 38. Qf2 Rxf1+ 39.
Nxf1 Qc7 40. Be3 Rf5 41. Qh4+ Rh5 42. Qf6 Qe5 43. Qf2 Bd5 44. g4 Rh3 45. Bd4
Qc7 46. Qf6 Kh6 47. Qh8+ Qh7 48. Be3+ Rxe3 49. g5+ Kxg5 50. Qxh7 Re2 51. h4+
Kf6 52. Qh6 Bc4 53. Ne3 Rxa2 54. h5 Ke5 55. Nxc4+ bxc4 56. hxg6 Ra1+ 57. Kf2
Ra2+ 58. Kg3 Ra3+ 59. Kg4 Ra2 60. g7 Rg2+ 61. Kh3 Rg1 62. Kh2 Rg4 63. Qh5+ Kf4
64. Qxg4+ Kxg4 65. Kg2 e3 66. g8=Q+ Kf4 67. Qxe6 1-0

[Event "Barkhuus Memorial Mesterklassen 2005"]
[Site "Vanlose"]
[Date "2005.08.02"]
[Round "6"]
[White "Fredericia, Louise Winther"]
[Black "Brandstrup, Bo"]
[Result "0-1"]
[WhiteElo "1994"]
[BlackElo "1936"]
[PlyCount "139"]
[EventDate "2005.??.??"]


1. e4 d5 2. exd5 Qxd5 3. Nc3 Qa5 4. Bc4 Nf6 5. d3 c6 6. Bd2 Qc7 7. Nge2 Nbd7 8.
Ng3 g6 9. O-O Bg7 10. f4 Nb6 11. Bb3 Bf5 12. Qe2 O-O 13. Nxf5 gxf5 14. Rf3 e6
15. Raf1 Rad8 16. Rh3 Nbd5 17. Nd1 b5 18. Qe1 Qd7 19. Rff3 Rfe8 20. Kh1 c5 21.
Ba5 Rc8 22. c4 Ne7 23. cxb5 Qxb5 24. Bc4 Qb7 25. b3 Ng6 26. Qd2 Nd5 27. Qe1 Bd4
28. Qg3 Qe7 29. Bd2 Qf6 30. Qe1 Re7 31. Rf1 Nb6 32. Bc3 Rd8 33. Rhf3 Red7 34.
Bb5 Rd6 35. Ba5 Kh8 36. Ne3 Rg8 37. Nc2 Nd5 38. Bc4 Nge7 39. Bxd5 Nxd5 40. Bd2
Ra6 41. a3 Rb8 42. b4 cxb4 43. Nxd4 Qxd4 44. axb4 Ra3 45. Qe5+ Qxe5 46. fxe5
Nxb4 47. d4 Rxf3 48. gxf3 Nd5 49. Bh6 Nc3 50. Rf2 Rb1+ 51. Kg2 Nd1 52. Re2 Rb2
53. Bd2 a5 54. Kf1 a4 55. Bc1 a3 56. Re1 Rf2+ 57. Kg1 a2 58. Rxd1 a1=Q 59. Kxf2
f4 60. Ke2 Qa2+ 61. Rd2 Qb1 62. Kd1 Qf5 63. Ke2 h5 64. Rd3 Kg7 65. Rc3 h4 66.
Bd2 h3 67. Rc1 Qg5 68. Rf1 Kg6 69. Rf2 f6 70. exf6 0-1

[Event "Barkhuus Memorial Mesterklassen 2005"]
[Site "Vanlose"]
[Date "2005.08.03"]
[Round "7"]
[White "Willerup, Martin Kisby"]
[Black "Andersen, Daniel"]
[Result "0-1"]
[WhiteElo "2016"]
[BlackElo "1972"]
[PlyCount "59"]
[EventDate "2005.??.??"]


1. d4 Nf6 2. Nf3 g6 3. c4 Bg7 4. Nc3 d5 5. cxd5 Nxd5 6. e4 Nxc3 7. bxc3 O-O 8.
Be3 c5 9. Be2 Qa5 10. O-O Qxc3 11. Rc1 Qa3 12. Rxc5 Qxa2 13. Bc4 Qa3 14. Qd2 b6
15. Rg5 Bb7 16. e5 Rc8 17. Rc1 e6 18. Rc2 Nc6 19. Rg3 Na5 20. Bd3 Rxc2 21. Qxc2
Qa1+ 22. Qb1 Qxb1+ 23. Bxb1 Nc4 24. Ng5 Bf8 25. Rh3 h6 26. Ne4 Nxe3 27. Rxe3
Rc8 28. Re1 Ba3 29. f3 Bb2 30. Nd6 0-1

[Event "Barkhuus Memorial Mesterklassen 2005"]
[Site "Vanlose"]
[Date "2005.08.03"]
[Round "7"]
[White "Petersen, Steen Brustrup"]
[Black "Damm, Kasper Wilken"]
[Result "0-1"]
[WhiteElo "2064"]
[BlackElo "2199"]
[PlyCount "70"]
[EventDate "2005.??.??"]


1. e4 c5 2. Nf3 Nc6 3. Nc3 g6 4. d4 cxd4 5. Nxd4 Bg7 6. Be3 Nf6 7. Bc4 O-O 8.
f3 a6 9. Bb3 b5 10. Qd2 Bb7 11. O-O-O Ne5 12. Kb1 Rc8 13. h4 Nc4 14. Bxc4 Rxc4
15. h5 e5 16. Nf5 Rxc3 17. bxc3 gxf5 18. h6 Nxe4 19. fxe4 Bf6 20. exf5 d5 21.
Rh5 Kh8 22. Bg5 Rg8 23. Bxf6+ Qxf6 24. Qe3 b4 25. Re1 bxc3 26. Qxe5 Qxe5 27.
Rxe5 d4 28. Re7 Bxg2 29. Rxf7 Bf3 30. Rg7 Bxh5 31. f6 Bf7 32. a3 Rxg7 33. fxg7+
Kg8 34. Kc1 Bc4 35. Kd1 Kf7 0-1

[Event "Barkhuus Memorial Mesterklassen 2005"]
[Site "Vanlose"]
[Date "2005.08.03"]
[Round "7"]
[White "Hassan, Omar Elsayed"]
[Black "Brandstrup, Bo"]
[Result "0-1"]
[WhiteElo "2198"]
[BlackElo "1936"]
[PlyCount "76"]
[EventDate "2005.??.??"]


1. d4 Nf6 2. c4 g6 3. Nc3 d5 4. Nf3 Bg7 5. Qb3 dxc4 6. Qxc4 O-O 7. e4 c6 8. Qb3
Nbd7 9. e5 Ne8 10. h4 Nb6 11. Be3 Be6 12. Qc2 Nc7 13. h5 Ncd5 14. hxg6 fxg6 15.
Bh6 Bxh6 16. Rxh6 Bf5 17. Qb3 Kg7 18. Rh2 Nxc3 19. bxc3 Qd5 20. c4 Qe4+ 21. Be2
Bg4 22. Rxh7+ Kg8 23. Rxe7 Bxf3 24. gxf3 Qxd4 25. c5+ Nd5 26. Rd1 Qxc5 27. Rxb7
Rae8 28. Qd3 Rf5 29. f4 Ref8 30. Bg4 Nxf4 31. Qb3+ R5f7 32. Rxf7 Qxe5+ 33. Kf1
Rxf7 34. Kg1 Kg7 35. Qc2 Qf6 36. Bd7 Qg5+ 37. Kf1 Qg2+ 38. Ke1 Re7+ 0-1

[Event "Barkhuus Memorial Mesterklassen 2005"]
[Site "Vanlose"]
[Date "2005.08.03"]
[Round "7"]
[White "Aabling Thomsen, Jakob"]
[Black "Tolstrup, Thomas"]
[Result "1/2-1/2"]
[WhiteElo "2146"]
[BlackElo "1882"]
[PlyCount "82"]
[EventDate "2005.??.??"]


1. e4 e6 2. d4 d5 3. Nc3 Nf6 4. Bg5 dxe4 5. Bxf6 Qxf6 6. Nxe4 Qd8 7. Nf3 Be7 8.
Bd3 Nd7 9. Qe2 Nf6 10. O-O-O Nd5 11. g3 c6 12. Ne5 O-O 13. f4 Qa5 14. a3 Bxa3
15. Nc4 Bxb2+ 16. Kxb2 Qb4+ 17. Kc1 f5 18. c3 Qb3 19. Nc5 Qxc3+ 20. Bc2 b5 21.
Nb2 Qa3 22. Bb1 a5 23. Rd3 Nc3 24. Qc2 b4 25. Re1 a4 26. Kd2 Ba6 27. Rde3 Nxb1+
28. Qxb1 b3 29. Nbd3 Bxd3 30. Rxd3 Qb4+ 31. Ke2 Qc4 32. Nd7 Rfb8 33. Nxb8 Rxb8
34. Rc1 Qd5 35. Rcc3 Qg2+ 36. Ke3 Qxh2 37. Kf3 Qh5+ 38. Kf2 Qh2+ 39. Kf3 Qh5+
40. Kf2 Qh2+ 41. Kf3 Qh5+ 1/2-1/2

[Event "Barkhuus Memorial Mesterklassen 2005"]
[Site "Vanlose"]
[Date "2005.08.03"]
[Round "7"]
[White "Hejberg, Carsten"]
[Black "Andersen, Henrik"]
[Result "0-1"]
[WhiteElo "1929"]
[BlackElo "1926"]
[PlyCount "56"]
[EventDate "2005.??.??"]


1. d4 d5 2. c4 e6 3. Nc3 c5 4. cxd5 exd5 5. dxc5 d4 6. Na4 b5 7. cxb6 axb6 8.
b3 Nf6 9. e3 Bd7 10. Qxd4 Nc6 11. Qb2 Ne4 12. a3 b5 13. Bd3 f5 14. Bxe4 fxe4
15. Nc3 Ne5 16. Kf1 Nd3 17. Qb1 Qh4 18. g3 Bh3+ 19. Nxh3 Qxh3+ 20. Kg1 Qf5 21.
Ra2 Rc8 22. Qa1 b4 23. axb4 Bxb4 24. Re2 O-O 25. Bd2 Nxf2 26. Qe1 Nh3+ 27. Kg2
Qf3+ 28. Kxh3 Rf5 0-1

[Event "Barkhuus Memorial Mesterklassen 2005"]
[Site "Vanlose"]
[Date "2005.08.03"]
[Round "7"]
[White "Fredericia, Louise Winther"]
[Black "Nielsen, Borge Hjerrild"]
[Result "1/2-1/2"]
[WhiteElo "1994"]
[BlackElo "2031"]
[PlyCount "48"]
[EventDate "2005.??.??"]


1. e4 c6 2. c4 d5 3. cxd5 cxd5 4. exd5 Nf6 5. Nc3 Nxd5 6. Nf3 e6 7. d4 Be7 8.
Bd3 Nc6 9. O-O O-O 10. Qe2 Nf6 11. Rd1 Nb4 12. Bb1 b6 13. Bf4 Ba6 14. Qd2 Rc8
15. Bg3 Nbd5 16. Bd3 Bxd3 17. Qxd3 Qd7 18. Ne5 Qb7 19. Nxd5 Nxd5 20. a3 Nf6 21.
Rac1 g6 22. Bh4 Nd5 23. Bxe7 Nxe7 24. Qf3 Qxf3 1/2-1/2